000 00586nam a22001697a 4500
008 151208b xxu||||| |||| 00| 0 eng d
020 _a9781565480445
050 _aBV5080J64L998
100 _aLyddon, Eileen sr.
_921242
245 _aDoor through darkness
_bJohn of the cross and mysticism in everyday life
_c/by Sister Eileen Lyddon
260 _aNew York
_bNew city Press
_c1995
300 _a175p. ;
_c23cm.
650 _aJohn of the cross, st
_921243
650 _aMysticism
_xCatholic church
_92229
650 _aCatholic church
_xDoctrines
_94786
942 _2lcc
_cMONOGRAPH
999 _c123845
_d123845